| 000 | 01249nam a22002537a 4500 | ||
|---|---|---|---|
| 005 | 20240305165349.0 | ||
| 008 | 111017s2009 cl |||||s|||| 00||0 spa d | ||
| 020 | _a956-10-1558-7 | ||
| 035 | _a5789 | ||
| 040 | _avLex | ||
| 090 |
_c2661 _d2661 |
||
| 100 | 1 | _aAlessandri Rodríguez, Arturo | |
| 245 | 1 | 0 |
_aDe los contratos _h[Recurso electrónico] / _cArturo Alessandri Rodríguez |
| 256 | _aServicio en línea. | ||
| 260 |
_a[Chile] : _bEditorial jurídica de Chile, _c2011 |
||
| 300 | _a1 recurso electrónico | ||
| 500 | _aEsta obra clásica en materia de contratos corresponde a la versión original e inédita del profesor Alessandri. El volumen contiene tres capítulos referentes a nociones generales, clasificación y elementos constitutivos de los contratos. | ||
| 506 | 1 |
_aContenido solo disponible en los productos indicados _dvLex Global _dvLex Global (Academic Edition, excluding Law Schools) _dvLex Global (U.S. Academic Edition, Law Schools) _dvLex Global (U.S. Academic Edition, excluding Law Schools) _dvLex Global (Academic Edition, Law Schools) |
|
| 650 | 0 | 4 | _aContratos |
| 650 | 0 | 4 | _aDerecho civil |
| 740 | 0 | _avLex Libros (Servicio en línea) | |
| 856 | 4 | 0 | _uhttps://app.vlex.com/#/sources/contratos-5789 |
| 942 | _cRAA | ||
| 999 |
_c161081 _d161081 |
||